Recopilación bibliográfica sobre educación de adultos
Đã lưu trong:
| Tác giả của công ty: | |
|---|---|
| Định dạng: | Sách |
| Ngôn ngữ: | Tiếng Tây Ban Nha |
| Được phát hành: |
Santiago
Centro Latinoamericano de Educación de Adultos
1973
|
| Loạt: | Documentos CENDOC
|
| Những chủ đề: | |
| Các nhãn: |
Thêm thẻ
Không có thẻ, Là người đầu tiên thẻ bản ghi này!
|
MARC
| LEADER | 00000nam a2200000 a 4500 | ||
|---|---|---|---|
| 001 | UCZ9821 | ||
| 003 | CL-VaPUC | ||
| 008 | 960311e19730000CL |||||||||||||||||spa|d | ||
| 082 | 0 | 4 | |a 374 |b CEN |2 21 |
| 110 | 2 | |a CENDOC |e author |9 354729 | |
| 245 | 1 | 0 | |a Recopilación bibliográfica sobre educación de adultos |
| 300 | |a 92 p | ||
| 942 | |c BK | ||
| 945 | |d 19960311 00:00:00 |a lriquelm | ||
| 260 | |a Santiago |b Centro Latinoamericano de Educación de Adultos |c 1973 | ||
| 650 | 7 | |a BIBLIOGRAFIAS ESPECIALES |2 CL-VaPUC |9 346443 | |
| 650 | 0 | |a Educación de adultos |9 307580 | |
| 650 | 0 | |a Adultos |9 335034 | |
| 651 | 0 | |a América Latina |9 255027 | |
| 651 | 7 | |a CHILE |2 CL-VaPUC |9 354730 | |
| 583 | |a last modification |c 19960311 00:00:00 |k Rodrigo Vera | ||
| 490 | 0 | |a Documentos CENDOC | |
| 999 | |c 244886 |d 244884 | ||
| 952 | |0 0 |1 0 |4 0 |6 374_000000000000000_CEN_1973 |7 0 |8 P |9 259150 |a BIBEDU |b BIBEDU |c BIBEDU_PB |d 2019-11-19 |i 1630172 |o 374 CEN 1973 |p 1630172 |r 2024-01-25 |w 2019-11-19 |y BK |k EDU | ||